[Event "12th Steve Boniface Memorial (Bristol) "]
[Site "Bristol Grammar School"]
[Date "2018.08.25"]
[Round "2.21"]
[White "Strong, Chris M"]
[Black "Iwi, Graham R"]
[Result "0-1"]
[WhiteElo "1555"]
[BlackElo "1927"]
[PlyCount "120"]
[EventDate "2018.08.24"]
[SourceVersionDate "2018.08.27"]

1. e4 e6 2. d4 d5 3. Nd2 Nf6 4. Bd3 c5 5. c3 Nc6 6. Ngf3 Qb6 7. exd5 exd5 8.
O-O cxd4 9. cxd4 Be7 10. Nb3 Bg4 11. Re1 O-O 12. Bc2 Bb4 13. Rf1 Bxf3 14. Qxf3
Nxd4 15. Nxd4 Qxd4 16. Rd1 Rfe8 17. Rb1 Rac8 18. Be3 Qg4 19. Qf5 Bc5 20. Qxg4
Nxg4 21. Bxc5 Rxc5 22. Bf5 Nf6 23. Kf1 g6 24. Bd3 Kg7 25. Rbc1 b6 26. b4 Rxc1
27. Rxc1 Re7 28. Rc6 Ne4 29. f3 Nf6 30. Kf2 d4 31. Rd6 Rd7 32. Rxd7 Nxd7 33. f4
Nf6 34. a3 Nd5 35. Kf3 f5 36. g3 Kf6 37. h4 Ne3 38. Ke2 Ke6 39. Kf3 Kd5 40. Ke2
Nc4 41. a4 Nb2 42. Bb5 a6 43. Be8 Kc4 44. b5 a5 45. Kd2 Nxa4 46. h5 gxh5 47.
Bd7 Nc5 48. Bxf5 a4 49. Bxh7 a3 50. Bg8+ Kb4 51. Ba2 Kxb5 52. f5 Kc6 53. f6 Kd6
54. f7 Ke7 55. Bc4 b5 56. Bd5 b4 57. Kc2 b3+ 58. Kb1 d3 59. Bf3 Na4 60. Bxh5
Nc3+ 0-1

[Event "12th Steve Boniface Memorial (Bristol) "]
[Site "Bristol Grammar School"]
[Date "2018.08.25"]
[Round "3.1"]
[White "Carleton, John J"]
[Black "Stewart, Ashley"]
[Result "1/2-1/2"]
[WhiteElo "2269"]
[BlackElo "2148"]
[PlyCount "63"]
[EventDate "2018.08.24"]
[SourceVersionDate "2018.08.27"]

1. d4 Nf6 2. c4 g6 3. Nc3 Bg7 4. e4 d6 5. Be2 O-O 6. f4 c5 7. Nf3 cxd4 8. Nxd4
Nc6 9. Be3 Bg4 10. Nxc6 Bxe2 11. Nxd8 Bxd1 12. Rxd1 Rfxd8 13. Ke2 Nd7 14. Rd3
Rac8 15. b3 Kf8 16. Rhd1 Ke8 17. g4 g5 18. fxg5 Ne5 19. Nd5 Nxd3 20. Kxd3 e6
21. Nf4 Be5 22. Ke2 Ke7 23. Nd3 Bg7 24. h4 d5 25. exd5 exd5 26. c5 Kf8 27. Kf3
d4 28. Bf4 Re8 29. b4 Re6 30. b5 Ke8 31. a4 Kd8 32. Rd2 1/2-1/2

[Event "12th Steve Boniface Memorial (Bristol) "]
[Site "Bristol Grammar School"]
[Date "2018.08.25"]
[Round "3.2"]
[White "Graham, David B"]
[Black "Beaumont, Chris R"]
[Result "0-1"]
[WhiteElo "2206"]
[BlackElo "2246"]
[PlyCount "106"]
[EventDate "2018.08.24"]
[SourceVersionDate "2018.08.27"]

1. e4 c5 2. Nc3 g6 3. f4 Bg7 4. Nf3 Nc6 5. Bc4 e6 6. f5 Nge7 7. fxe6 dxe6 8. d3
O-O 9. O-O b6 10. Bg5 Na5 11. e5 h6 12. Bh4 g5 13. Bg3 Nf5 14. Qe2 Bb7 15. Nb5
Bxf3 16. gxf3 Nd4 17. Qf2 Nxc4 18. dxc4 Nxb5 19. cxb5 Qd7 20. a4 Rad8 21. c3 c4
22. Qe2 Qd3 23. Kf2 Qxe2+ 24. Kxe2 Rd5 25. Rfd1 Re8 26. f4 gxf4 27. Bxf4 Kh7
28. Rd4 Bxe5 29. Rxc4 Bxf4 30. Rxf4 Kg6 31. Rd4 Rxd4 32. cxd4 Rd8 33. Ke3 Rd5
34. Rc1 Rh5 35. Rc7 Rxh2 36. Rxa7 Rxb2 37. Ra6 Ra2 38. d5 Kf6 39. d6 e5 40. d7
Ke7 41. Rxb6 Rxa4 42. Rxh6 Kxd7 43. b6 Rb4 44. Kd3 f5 45. Kc3 Rb1 46. Kc4 e4
47. Kd5 e3 48. Rh7+ Kc8 49. Kc6 Rc1+ 50. Kb5 e2 51. b7+ Kb8 52. Kb6 Rb1+ 53.
Kc6 Ka7 0-1

[Event "12th Steve Boniface Memorial (Bristol) "]
[Site "Bristol Grammar School"]
[Date "2018.08.25"]
[Round "3.4"]
[White "Fallowfield, Jeremy R"]
[Black "Orgler, Philipp"]
[Result "1/2-1/2"]
[WhiteElo "2111"]
[BlackElo "2050"]
[PlyCount "66"]
[EventDate "2018.08.24"]
[SourceVersionDate "2018.08.27"]

1. Nf3 d5 2. c4 e6 3. g3 c5 4. cxd5 exd5 5. d4 Nc6 6. Bg2 Nf6 7. O-O Be7 8. Nc3
O-O 9. dxc5 Bxc5 10. a3 Re8 11. b4 Bf8 12. Bb2 Bg4 13. Re1 Qd7 14. Rc1 Rad8 15.
Na4 d4 16. Nc5 Bxc5 17. Rxc5 Bxf3 18. Bxf3 Ne5 19. Bg2 b6 20. Rc2 Qf5 21. Rd2
Nc4 22. Qc2 Qxc2 23. Rxc2 Nxb2 24. Rxb2 d3 25. Kf1 g6 26. Rd2 dxe2+ 27. Rexe2
Rxd2 28. Rxd2 Rc8 29. Ke2 Rc3 30. Rd3 Rc2+ 31. Rd2 Rc3 32. Rd3 Rc2+ 33. Rd2 Rc3
1/2-1/2

[Event "12th Steve Boniface Memorial (Bristol) "]
[Site "Bristol Grammar School"]
[Date "2018.08.25"]
[Round "3.5"]
[White "Martin, Lewis"]
[Black "Graham, William M"]
[Result "1-0"]
[WhiteElo "2098"]
[BlackElo "1903"]
[PlyCount "69"]
[EventDate "2018.08.24"]
[SourceVersionDate "2018.08.27"]

1. e4 e6 2. d4 d5 3. Nd2 Nf6 4. e5 Nfd7 5. f4 c5 6. c3 Nc6 7. Ndf3 Be7 8. Bd3
Qb6 9. Ne2 f6 10. a3 O-O 11. Qc2 h6 12. Nh4 f5 13. Ng6 c4 14. Nxf8 Nxf8 15.
Bxf5 exf5 16. Be3 Be6 17. Kf2 Nd7 18. Rag1 Rf8 19. h3 Qc7 20. Ke1 Kf7 21. g4
Ke8 22. Ng3 Bh4 23. Kd1 Ne7 24. Nh5 g6 25. Ng7+ Kf7 26. Nxe6 Kxe6 27. Bf2 Bxf2
28. Qxf2 Rf7 29. Qh4 fxg4 30. hxg4 Rxf4 31. Rf1 Rxf1+ 32. Rxf1 Ng8 33. Qf2 Nb6
34. Qf8 Qh7 35. Qd6# 1-0

[Event "12th Steve Boniface Memorial (Bristol) "]
[Site "Bristol Grammar School"]
[Date "2018.08.25"]
[Round "3.6"]
[White "Handley, Michael R"]
[Black "Tselos, Aristotelis"]
[Result "1-0"]
[WhiteElo "1963"]
[BlackElo "1551"]
[PlyCount "69"]
[EventDate "2018.08.24"]
[SourceVersionDate "2018.08.27"]

1. d4 d5 2. c4 e6 3. Nc3 Nf6 4. Bg5 Be7 5. e3 O-O 6. Nf3 h6 7. Bh4 b6 8. cxd5
Nxd5 9. Bxe7 Qxe7 10. Nxd5 exd5 11. Qa4 Bd7 12. Qb3 Nc6 13. Rc1 Na5 14. Qc3 c6
15. Ne5 Qd6 16. b4 Nb7 17. Nxd7 Qxd7 18. Bd3 Rac8 19. O-O b5 20. e4 Nd6 21. e5
Nc4 22. Bb1 f6 23. Qd3 f5 24. g4 g6 25. f4 Qe6 26. Qh3 Rf7 27. gxf5 gxf5 28.
Kh1 Kf8 29. Rf2 Rg7 30. Bxf5 Qe7 31. Bxc8 Qxb4 32. Qf5+ Rf7 33. Qg6 Qa3 34.
Qxh6+ Rg7 35. Rg1 1-0

[Event "12th Steve Boniface Memorial (Bristol) "]
[Site "Bristol Grammar School"]
[Date "2018.08.25"]
[Round "3.7"]
[White "Cherupalli, Ramprasad"]
[Black "Merry, Alan B"]
[Result "0-1"]
[WhiteElo "1842"]
[BlackElo "2445"]
[PlyCount "62"]
[EventDate "2018.08.24"]
[SourceVersionDate "2018.08.27"]

1. Nf3 c5 2. g3 g6 3. c4 Bg7 4. Bg2 Nc6 5. Nc3 d6 6. O-O e5 7. d3 Nge7 8. Bg5
f6 9. Bd2 Be6 10. e4 O-O 11. Nd5 Qd7 12. a3 h6 13. b4 f5 14. b5 Nd8 15. Nh4
Bxd5 16. cxd5 Qxb5 17. exf5 g5 18. Rb1 Qxd3 19. Rb3 Qc4 20. Ng6 Nxg6 21. fxg6
e4 22. Bxg5 hxg5 23. Qh5 Rf6 24. Re3 Qxd5 25. Rxe4 Ne6 26. Rfe1 Qf5 27. Qh7+
Kf8 28. Bh3 g4 29. Bxg4 Qxf2+ 30. Kh1 Ng5 31. Bd7 Nxe4 0-1

[Event "12th Steve Boniface Memorial (Bristol) "]
[Site "Bristol Grammar School"]
[Date "2018.08.25"]
[Round "3.8"]
[White "Palm, Frank"]
[Black "Anderson, Peter W"]
[Result "1-0"]
[WhiteElo "2098"]
[BlackElo "2003"]
[PlyCount "41"]
[EventDate "2018.08.24"]
[SourceVersionDate "2018.08.27"]

1. e4 g6 2. d4 Bg7 3. Nc3 d6 4. Bg5 a6 5. f4 b5 6. Nf3 Bb7 7. Bd3 Nd7 8. Ne2 c5
9. c3 cxd4 10. cxd4 Qb6 11. Bh4 Ngf6 12. e5 Nd5 13. Bf2 dxe5 14. dxe5 Qa5+ 15.
Kf1 O-O 16. h4 Rad8 17. h5 Nxf4 18. Nxf4 Nxe5 19. Nxe5 Bxe5 20. hxg6 Qb4 21.
Qh5 1-0

[Event "12th Steve Boniface Memorial (Bristol) "]
[Site "Bristol Grammar School"]
[Date "2018.08.25"]
[Round "3.10"]
[White "Duggan, Michael Fg"]
[Black "Moore, Geoffrey R"]
[Result "1/2-1/2"]
[WhiteElo "2070"]
[BlackElo "1980"]
[PlyCount "59"]
[EventDate "2018.08.24"]
[SourceVersionDate "2018.08.27"]

1. e4 c6 2. d4 d5 3. exd5 cxd5 4. c4 Nf6 5. Nc3 Nc6 6. Bf4 Bg4 7. Be2 Bxe2 8.
Ngxe2 e6 9. c5 Be7 10. a3 a5 11. O-O O-O 12. Rb1 b6 13. b4 axb4 14. axb4 bxc5
15. bxc5 Nh5 16. Be3 g6 17. Rb6 Na5 18. Qd3 Nc4 19. Rb7 Bf6 20. Rfb1 Ng7 21.
Bf4 Nf5 22. c6 g5 23. c7 Qc8 24. Rb8 Qa6 25. Rxa8 Qxa8 26. Bg3 Qc6 27. Nb5 Ncd6
28. Nec3 Be7 29. Be5 f6 30. Bg3 1/2-1/2

[Event "12th Steve Boniface Memorial (Bristol) "]
[Site "Bristol Grammar School"]
[Date "2018.08.25"]
[Round "3.11"]
[White "Bogdan, Horia D"]
[Black "Garcia, Jason"]
[Result "0-1"]
[WhiteElo "1956"]
[BlackElo "2020"]
[PlyCount "86"]
[EventDate "2018.08.24"]
[SourceVersionDate "2018.08.27"]

1. c4 e6 2. g3 d5 3. Bg2 dxc4 4. Nf3 Nf6 5. O-O Nbd7 6. Qa4 a6 7. Qxc4 b5 8.
Qc2 Bb7 9. d4 c5 10. Be3 Rc8 11. Qd1 c4 12. Nc3 Bd6 13. Ng5 Bxg2 14. Kxg2 Nd5
15. Bd2 Be7 16. h4 h6 17. Nh3 N7f6 18. a3 O-O 19. e4 Nxc3 20. bxc3 Nxe4 21.
Bxh6 Nxc3 22. Qg4 Qd5+ 23. f3 Bf6 24. Be3 Qf5 25. Qxf5 exf5 26. Nf4 Rfd8 27.
Rac1 Nd5 28. Nxd5 Rxd5 29. Rfd1 Rcd8 30. Bg5 Bxg5 31. hxg5 Rxd4 32. Re1 Rd2+
33. Kh3 R2d3 34. Kg2 Rd2+ 35. Kh3 R8d3 36. a4 Rxf3 37. axb5 axb5 38. Re7 Rdd3
39. Rb7 Rxg3+ 40. Kh2 Rh3+ 41. Kg2 f4 42. Rxb5 Rdg3+ 43. Kf2 Rh2+ 0-1

[Event "12th Steve Boniface Memorial (Bristol) "]
[Site "Bristol Grammar School"]
[Date "2018.08.25"]
[Round "3.12"]
[White "Dilleigh, Stephen P"]
[Black "Hosdurga, Chirag"]
[Result "1/2-1/2"]
[WhiteElo "2016"]
[BlackElo "1638"]
[PlyCount "62"]
[EventDate "2018.08.24"]
[SourceVersionDate "2018.08.27"]

1. Nf3 d5 2. d4 Nf6 3. c4 e6 4. Nc3 Bb4 5. Qa4+ Nc6 6. e3 O-O 7. Bd2 Bxc3 8.
Bxc3 Ne4 9. Qc2 Nxc3 10. Qxc3 a6 11. Rd1 Qd6 12. Be2 dxc4 13. Bxc4 b5 14. Be2
Bb7 15. O-O Rac8 16. Rc1 Nb4 17. Ra1 c5 18. dxc5 Qxc5 19. Qxc5 Rxc5 20. a3 Nd5
21. Nd4 Nf6 22. Rac1 Rfc8 23. Nb3 R5c7 24. Rxc7 Rxc7 25. Rc1 Rxc1+ 26. Nxc1 Bd5
27. f3 Kf8 28. e4 Bc6 29. Kf2 Ke7 30. Ke3 Kd6 31. Nd3 Nd7 1/2-1/2

[Event "12th Steve Boniface Memorial (Bristol) "]
[Site "Bristol Grammar School"]
[Date "2018.08.25"]
[Round "3.13"]
[White "Iwi, Graham R"]
[Black "Young, Alan K"]
[Result "0-1"]
[WhiteElo "1927"]
[BlackElo "2014"]
[PlyCount "76"]
[EventDate "2018.08.24"]
[SourceVersionDate "2018.08.27"]

1. e4 e5 2. Nf3 Nc6 3. Bb5 a6 4. Ba4 Nf6 5. O-O Be7 6. Re1 b5 7. Bb3 O-O 8. c3
d5 9. exd5 Nxd5 10. Nxe5 Nxe5 11. Rxe5 c6 12. g3 Bd6 13. Re1 Re8 14. d4 Bf5 15.
Nd2 Qd7 16. Nf1 Rxe1 17. Qxe1 Re8 18. Qd1 h5 19. Bd2 h4 20. Bc2 Bg4 21. f3 Bh3
22. Bg5 Bxf1 23. Qxf1 hxg3 24. hxg3 Bxg3 25. Qg2 Bf4 26. Bxf4 Nxf4 27. Qh2 Nh3+
28. Kh1 Ng5 29. Rg1 Qd5 30. Qg2 Qxf3 31. Bd1 Qxg2+ 32. Kxg2 f5 33. Rf1 g6 34.
Kg3 Kg7 35. Kf4 Kf6 36. Rh1 Re4+ 37. Kg3 Re3+ 38. Kf4 Rd3 0-1

[Event "12th Steve Boniface Memorial (Bristol) "]
[Site "Bristol Grammar School"]
[Date "2018.08.25"]
[Round "3.16"]
[White "Prasse, Philipp"]
[Black "Abbott, Mark V"]
[Result "1-0"]
[WhiteElo "1996"]
[BlackElo "1884"]
[PlyCount "81"]
[EventDate "2018.08.24"]
[SourceVersionDate "2018.08.27"]

1. e4 c5 2. c3 g6 3. d4 cxd4 4. cxd4 d5 5. e5 Nc6 6. Nc3 Nh6 7. Bb5 Bg7 8. h3
O-O 9. Nf3 Qb6 10. O-O e6 11. Bg5 Kh8 12. Qd2 Ng8 13. Bxc6 bxc6 14. Na4 Qb5 15.
b3 f6 16. Bf4 fxe5 17. Bxe5 Nf6 18. Rfe1 a5 19. Rac1 Kg8 20. Bxf6 Rxf6 21. Rc5
Qa6 22. Ne5 Bb7 23. Ng4 Kf7 24. Nxf6 Bxf6 25. Qf4 Re8 26. Rcc1 Qa7 27. Nc5 Bc8
28. Nd3 Kg7 29. Rxc6 Qxd4 30. Qxd4 Bxd4 31. Nf4 Rf8 32. Rxc8 Rxf4 33. Re2 h5
34. Rc6 Kf7 35. a3 h4 36. b4 axb4 37. axb4 e5 38. b5 e4 39. b6 Be5 40. b7 d4
41. Rb2 1-0

[Event "12th Steve Boniface Memorial (Bristol) "]
[Site "Bristol Grammar School"]
[Date "2018.08.25"]
[Round "3.17"]
[White "Fallowfield, Nicholas"]
[Black "Mcgregor, John"]
[Result "1/2-1/2"]
[WhiteElo "1914"]
[BlackElo "1847"]
[PlyCount "124"]
[EventDate "2018.08.24"]
[SourceVersionDate "2018.08.27"]

1. Nf3 d5 2. c4 d4 3. b4 c5 4. e3 dxe3 5. fxe3 cxb4 6. d4 b6 7. Bd3 Bb7 8. O-O
Nd7 9. Nbd2 h6 10. Nh4 e5 11. Ng6 fxg6 12. Bxg6+ Ke7 13. Rf7+ Kd6 14. dxe5+
Nxe5 15. c5+ Ke6 16. Rxb7 Bxc5 17. Qb3+ Kf6 18. Bb2 Kxg6 19. Bxe5 Ne7 20. Qc2+
Kf7 21. Rf1+ Kg8 22. Qg6 Rh7 23. Qf7+ Kh8 24. Ne4 Qd5 25. Rxe7 Qxf7 26. Rexf7
Bxe3+ 27. Kh1 Kg8 28. Bd6 g5 29. Rxh7 Kxh7 30. Bxb4 Rc8 31. g3 Rc4 32. Nf6+ Kg6
33. Nd5 Bd4 34. a3 a5 35. Bf8 b5 36. Rb1 Bc5 37. Bxc5 Rxc5 38. Nb6 Rc3 39. Rxb5
Rxa3 40. Nc4 Ra1+ 41. Kg2 a4 42. Ra5 h5 43. Kf3 g4+ 44. Ke4 Ra2 45. Ra6+ Kg7
46. Kf5 Rxh2 47. Ra7+ Kf8 48. Rxa4 h4 49. Kxg4 hxg3 50. Kxg3 Rc2 51. Ne5 Ke7
52. Kf4 Rf2+ 53. Nf3 Kd6 54. Ke4 Re2+ 55. Kd4 Rf2 56. Ra6+ Ke7 57. Ng5 Rd2+ 58.
Ke5 Kd7 59. Nf3 Rd1 60. Nd4 Re1+ 61. Kd5 Ke7 62. Re6+ Rxe6 1/2-1/2

[Event "12th Steve Boniface Memorial (Bristol) "]
[Site "Bristol Grammar School"]
[Date "2018.08.25"]
[Round "3.18"]
[White "Sierra Jiminez, S Manuel"]
[Black "Smith, Lynda"]
[Result "1-0"]
[WhiteElo "1899"]
[BlackElo "1836"]
[PlyCount "87"]
[EventDate "2018.08.24"]
[SourceVersionDate "2018.08.27"]

1. d4 f5 2. c4 Nf6 3. Nc3 g6 4. Nf3 Bg7 5. g3 d6 6. Bg2 c6 7. O-O O-O 8. Qc2
Na6 9. a3 Qe8 10. b4 e5 11. dxe5 dxe5 12. Rd1 e4 13. Nd4 Nc7 14. e3 Ne6 15.
Nce2 Ng4 16. Bb2 Ne5 17. Nxe6 Bxe6 18. Bxe5 Bxe5 19. Rac1 Qf7 20. Nd4 Bxd4 21.
Rxd4 c5 22. bxc5 Rfc8 23. Bf1 Rxc5 24. Qd1 b6 25. h4 Rac8 26. Rd8+ Rxd8 27.
Qxd8+ Kg7 28. Re1 Rc8 29. Qd4+ Qf6 30. Qd6 Kf7 31. Rd1 Qe7 32. Qb4 Qc5 33. Be2
h6 34. Qa4 Qc7 35. Kg2 Kf6 36. Qb4 g5 37. hxg5+ hxg5 38. Qc3+ Kg6 39. Ra1 b5
40. c5 Qxc5 41. Bh5+ Kxh5 42. Qg7 Kg4 43. Qh6 f4 44. Qh3# 1-0

[Event "12th Steve Boniface Memorial (Bristol) "]
[Site "Bristol Grammar School"]
[Date "2018.08.25"]
[Round "3.19"]
[White "Miller, George"]
[Black "Fielding, Michael"]
[Result "0-1"]
[WhiteElo "1953"]
[BlackElo "1734"]
[PlyCount "46"]
[EventDate "2018.08.24"]
[SourceVersionDate "2018.08.27"]

1. d4 f5 2. g3 Nf6 3. Bg2 e6 4. Nf3 Be7 5. c4 O-O 6. Nc3 Ne4 7. Qd3 Nxc3 8.
bxc3 d6 9. O-O Nc6 10. e4 e5 11. dxe5 dxe5 12. Qd5+ Kh8 13. exf5 Bxf5 14. Qb5
Rb8 15. Be3 a6 16. Qd5 Qe8 17. Qd2 Qg6 18. Rfd1 Bg4 19. Qd5 Rbd8 20. Nxe5 Nxe5
21. Qxe5 Rxd1+ 22. Rxd1 Bd6 23. Rxd6 Qb1+ 0-1

[Event "12th Steve Boniface Memorial (Bristol) "]
[Site "Bristol Grammar School"]
[Date "2018.08.26"]
[Round "4.1"]
[White "Beaumont, Chris R"]
[Black "Moore, Graham J"]
[Result "0-1"]
[WhiteElo "2246"]
[BlackElo "2218"]
[PlyCount "80"]
[EventDate "2018.08.24"]
[SourceVersionDate "2018.08.27"]

1. c4 e5 2. g3 Nf6 3. Bg2 c6 4. d4 e4 5. Nc3 d5 6. Bg5 Nbd7 7. cxd5 cxd5 8. f3
h6 9. Bxf6 Nxf6 10. fxe4 dxe4 11. Nxe4 Nxe4 12. Bxe4 Bb4+ 13. Kf2 O-O 14. Bg2
Re8 15. e3 Bf5 16. Nf3 Rc8 17. Rc1 Qa5 18. a3 Rxc1 19. Qxc1 Rc8 20. axb4 Qxb4
21. Qxc8+ Bxc8 22. Rd1 Qxb2+ 23. Rd2 Qc3 24. d5 a5 25. d6 Bd7 26. Rd4 a4 27.
Ne5 a3 28. Nxd7 a2 29. Nf6+ gxf6 30. d7 Qc2+ 31. Kf3 Qf5+ 32. Ke2 a1=Q 33.
d8=Q+ Kg7 34. Qc7 Qb2+ 35. Rd2 Qh5+ 36. g4 Qxg4+ 37. Bf3 Qb5+ 38. Rd3 Qgf5 39.
Qc2 Qh3 40. Qc7 Qb1 0-1

[Event "12th Steve Boniface Memorial (Bristol) "]
[Site "Bristol Grammar School"]
[Date "2018.08.26"]
[Round "4.2"]
[White "Fallowfield, Jeremy R"]
[Black "Carleton, John J"]
[Result "1/2-1/2"]
[WhiteElo "2111"]
[BlackElo "2269"]
[PlyCount "63"]
[EventDate "2018.08.24"]
[SourceVersionDate "2018.08.27"]

1. Nf3 d5 2. c4 e6 3. g3 Nf6 4. Bg2 dxc4 5. Qa4+ Nbd7 6. Qxc4 c5 7. Qb3 Be7 8.
O-O O-O 9. d3 Nd5 10. Nc3 N7f6 11. Rd1 Qb6 12. Qc2 Bd7 13. Ne5 Be8 14. a4 a6
15. a5 Qc7 16. Nc4 Bc6 17. e4 Nb4 18. Qb3 Nd7 19. Bf4 e5 20. Be3 b5 21. axb6
Nxb6 22. Nxb6 Qxb6 23. Na4 Bxa4 24. Rxa4 Rfd8 25. Bf1 Nd5 26. Qxb6 Nxb6 27. Ra5
Nc4 28. Ra2 Nxe3 29. fxe3 c4 30. d4 exd4 31. exd4 Bc5 32. Bxc4 1/2-1/2

[Event "12th Steve Boniface Memorial (Bristol) "]
[Site "Bristol Grammar School"]
[Date "2018.08.26"]
[Round "4.3"]
[White "Stewart, Ashley"]
[Black "Martin, Lewis"]
[Result "0-1"]
[WhiteElo "2148"]
[BlackElo "2098"]
[PlyCount "132"]
[EventDate "2018.08.24"]
[SourceVersionDate "2018.08.27"]

1. c4 c6 2. Nf3 Nf6 3. g3 g6 4. b3 Bg7 5. Bb2 d5 6. Bg2 O-O 7. O-O Nbd7 8. Qc2
Re8 9. Nc3 e5 10. cxd5 Nxd5 11. d3 N7b6 12. Nd2 Bg4 13. Nc4 Nxc3 14. Bxc3 Nd5
15. Bb2 Qd7 16. Rfd1 Rad8 17. a3 h5 18. Bc1 e4 19. d4 Bxe2 20. Qxe2 Nc3 21. Qc2
Nxd1 22. Qxd1 Bxd4 23. Be3 Bxa1 24. Qxa1 Qd1+ 25. Qxd1 Rxd1+ 26. Bf1 b6 27. a4
Red8 28. Kg2 R8d5 29. Bf4 Rxf1 30. Kxf1 b5 31. Ne3 Rd3 32. axb5 cxb5 33. b4 Rd4
34. Be5 Rxb4 35. Nd5 Rb1+ 36. Ke2 f5 37. h4 Kf7 38. Bd4 a5 39. Kd2 Rb3 40. Nf4
Ra3 41. Kc2 Ra4 42. Bb6 Rc4+ 43. Kb2 a4 44. Ka3 Kg7 45. Ne6+ Kf6 46. Nf4 Kf7
47. Ba7 Rc3+ 48. Kb2 Rc6 49. Ka3 b4+ 50. Kxb4 a3 51. Bd4 a2 52. Kb3 Ra6 53. Ba1
Rd6 54. Bc3 Rd2 55. Nh3 Rd3 56. Ng5+ Ke7 57. Kxa2 Rxc3 58. Kb2 Rc6 59. Nh3 Kf6
60. Nf4 g5 61. hxg5+ Kxg5 62. Ng2 Kg4 63. Ne3+ Kf3 64. Nxf5 Kxf2 65. Kb3 e3 66.
Nd4 e2 0-1

[Event "12th Steve Boniface Memorial (Bristol) "]
[Site "Bristol Grammar School"]
[Date "2018.08.26"]
[Round "4.4"]
[White "Garcia, Jason"]
[Black "Handley, Michael R"]
[Result "1/2-1/2"]
[WhiteElo "2020"]
[BlackElo "1963"]
[PlyCount "53"]
[EventDate "2018.08.24"]
[SourceVersionDate "2018.08.27"]

1. e4 e6 2. d4 d5 3. Nc3 Bb4 4. e5 c5 5. a3 Bxc3+ 6. bxc3 Ne7 7. Qg4 O-O 8. Bd3
f5 9. exf6 Rxf6 10. Bg5 Rf7 11. Qh5 g6 12. Qd1 Qa5 13. Bd2 Nd7 14. Nf3 Nc6 15.
O-O c4 16. Be2 Nf6 17. Ng5 Re7 18. f4 Bd7 19. Bf3 Rf8 20. Qe1 Nd8 21. Qh4 Ba4
22. Rfc1 Nc6 23. Be1 Kg7 24. Bg4 Rfe8 25. Nf3 Ne4 26. Ng5 Nf6 27. Nf3 1/2-1/2

[Event "12th Steve Boniface Memorial (Bristol) "]
[Site "Bristol Grammar School"]
[Date "2018.08.26"]
[Round "4.6"]
[White "Orgler, Philipp"]
[Black "Graham, David B"]
[Result "1-0"]
[WhiteElo "2050"]
[BlackElo "2206"]
[PlyCount "101"]
[EventDate "2018.08.24"]
[SourceVersionDate "2018.08.27"]

1. d4 Nf6 2. Bg5 d5 3. Bxf6 exf6 4. e3 Bd6 5. c4 dxc4 6. Bxc4 Nc6 7. Nc3 O-O 8.
Nf3 Ne7 9. O-O c6 10. h3 Ng6 11. a3 Qe7 12. Qc2 Be6 13. Bxe6 fxe6 14. Ne4 Bc7
15. Nc5 Rab8 16. Rac1 Rfe8 17. Nd3 Bd6 18. e4 Rbd8 19. Rfe1 Bb8 20. Qc5 e5 21.
dxe5 Nxe5 22. Nfxe5 Bxe5 23. Nxe5 Qxc5 24. Rxc5 Rxe5 25. Rxe5 fxe5 26. Re2 Rd1+
27. Kh2 Kf7 28. Kg3 Ke6 29. Kg4 c5 30. Rc2 Kd6 31. Kf5 b5 32. g3 c4 33. f4 exf4
34. gxf4 Rd3 35. Rg2 g6+ 36. Kf6 Kd7 37. Kf7 Rf3 38. f5 gxf5 39. e5 Re3 40.
Rd2+ Kc6 41. e6 a5 42. e7 b4 43. axb4 axb4 44. e8=Q+ Rxe8 45. Kxe8 Kb5 46. Rd5+
Ka4 47. Rxf5 Kb3 48. Rf2 c3 49. bxc3 bxc3 50. h4 c2 51. Rf1 1-0

[Event "12th Steve Boniface Memorial (Bristol) "]
[Site "Bristol Grammar School"]
[Date "2018.08.26"]
[Round "4.8"]
[White "Young, Alan K"]
[Black "Palm, Frank"]
[Result "1-0"]
[WhiteElo "2014"]
[BlackElo "2098"]
[PlyCount "83"]
[EventDate "2018.08.24"]
[SourceVersionDate "2018.08.27"]

1. e4 Nf6 2. e5 Nd5 3. d4 d6 4. Nf3 g6 5. Bc4 Nb6 6. Be2 Bg7 7. O-O O-O 8. c4
Nc6 9. exd6 cxd6 10. Be3 h6 11. Nc3 Bg4 12. b3 d5 13. c5 Nc8 14. Rc1 e6 15. h3
Bxf3 16. Bxf3 N8e7 17. Ne2 Nf5 18. g4 Nxe3 19. fxe3 Qg5 20. Qd3 f5 21. Kh2 Rae8
22. Rg1 Qh4 23. Rcf1 Kh7 24. Nf4 e5 25. Nxg6 Kxg6 26. gxf5+ Kf6 27. Rg4 e4 28.
Qb5 Qh5 29. Rg6+ Qxg6 30. fxg6 exf3 31. Qxb7 Ne7 32. Rxf3+ Kxg6 33. Rxf8 Bxf8
34. Qd7 Kf7 35. b4 a6 36. a4 Rb8 37. b5 axb5 38. axb5 Ra8 39. b6 Kg6 40. b7
Ra2+ 41. Kg1 Rb2 42. b8=Q 1-0

[Event "12th Steve Boniface Memorial (Bristol) "]
[Site "Bristol Grammar School"]
[Date "2018.08.26"]
[Round "4.9"]
[White "Graham, William M"]
[Black "Duggan, Michael Fg"]
[Result "1/2-1/2"]
[WhiteElo "1903"]
[BlackElo "2070"]
[PlyCount "62"]
[EventDate "2018.08.24"]
[SourceVersionDate "2018.08.27"]

1. c4 Nf6 2. g3 g6 3. Bg2 Bg7 4. Nc3 d6 5. e4 e5 6. Nge2 O-O 7. O-O Nc6 8. d3
Be6 9. h3 Nd7 10. Nd5 h6 11. Rb1 Ne7 12. d4 f5 13. Nxe7+ Qxe7 14. d5 Bf7 15. b4
fxe4 16. Nc3 g5 17. Nxe4 Bg6 18. Rb3 a5 19. a3 axb4 20. axb4 Nf6 21. Nxf6+ Qxf6
22. Rf3 Qe7 23. Qb3 Rfc8 24. Bb2 Kh7 25. Rc1 b6 26. Re3 Qd7 27. c5 bxc5 28.
bxc5 Rcb8 29. Qc3 Rb5 30. Ba3 dxc5 31. Bxc5 Ra2 1/2-1/2

[Event "12th Steve Boniface Memorial (Bristol) "]
[Site "Bristol Grammar School"]
[Date "2018.08.26"]
[Round "4.10"]
[White "Tselos, Aristotelis"]
[Black "Dilleigh, Stephen P"]
[Result "1/2-1/2"]
[WhiteElo "1551"]
[BlackElo "2016"]
[PlyCount "51"]
[EventDate "2018.08.24"]
[SourceVersionDate "2018.08.27"]

1. e4 e6 2. d4 d5 3. e5 c5 4. c3 Qb6 5. Nf3 Nc6 6. Be2 cxd4 7. cxd4 Nge7 8. Nc3
Nf5 9. Bb5 Bb4 10. Bxc6+ Qxc6 11. Qb3 Be7 12. O-O Bd7 13. Bd2 O-O 14. g4 Nh6
15. Bxh6 gxh6 16. Ne2 Qb5 17. Qe3 Kh8 18. Rfe1 Rg8 19. h3 h5 20. g5 Bxg5 21.
Nxg5 Rxg5+ 22. Kh2 Rag8 23. Rg1 Rxg1 24. Rxg1 Rxg1 25. Kxg1 Qxb2 26. Qh6
1/2-1/2

[Event "12th Steve Boniface Memorial (Bristol) "]
[Site "Bristol Grammar School"]
[Date "2018.08.26"]
[Round "4.11"]
[White "Fielding, Michael"]
[Black "Prasse, Philipp"]
[Result "1/2-1/2"]
[WhiteElo "1734"]
[BlackElo "1996"]
[PlyCount "102"]
[EventDate "2018.08.24"]
[SourceVersionDate "2018.08.27"]

1. d4 d5 2. c4 e6 3. Nc3 Nf6 4. cxd5 exd5 5. Bg5 c6 6. e3 Be7 7. Bd3 Nbd7 8.
Nge2 h6 9. Bh4 Nh5 10. Bxe7 Qxe7 11. O-O O-O 12. a3 a5 13. e4 dxe4 14. Nxe4
Nhf6 15. N2c3 Nxe4 16. Nxe4 Nf6 17. Re1 Nxe4 18. Rxe4 Qd6 19. Qh5 Be6 20. Rae1
Qd5 21. Qe2 Rad8 22. Bb1 Qc4 23. Bd3 Qd5 24. Bb1 Qd6 25. Rc1 Bf5 26. Rh4 Bxb1
27. Rxb1 Rfe8 28. Qd2 c5 29. Qxa5 cxd4 30. Rd1 d3 31. Rh3 d2 32. Re3 Rxe3 33.
fxe3 Qd3 34. Kf2 Rd5 35. Qc3 Rf5+ 36. Kg1 Qxc3 37. bxc3 Rc5 38. Rxd2 Rxc3 39.
Rb2 Rxe3 40. Rxb7 Rxa3 41. Kf2 g6 42. Rc7 Kg7 43. Rb7 g5 44. g4 Kg6 45. Rb6+ f6
46. Rc6 Ra4 47. Kg3 Rf4 48. h4 Re4 49. h5+ Kf7 50. Rc7+ Re7 51. Rc6 Re6 1/2-1/2